000
00206 a2200097 4500
001
8941
100
_a
Johnson R. W
245
_a
The Politics of Recession
260
_a
_b
Macmillan
_c
090
_c
7130
_d
7130
942
_a
NUST-CAE
_c
M
_c
33746
999
_c
244014
_d
244014